LEADER 01932nam 2200433 n 450 001 996392751603316 005 20200824121817.0 035 $a(CKB)4940000000113673 035 $a(EEBO)2248536494 035 $a(UnM)ocm99887111e 035 $a(UnM)99887111 035 $a(EXLCZ)994940000000113673 100 $a19980327f16851688 uy 101 0 $aeng 135 $aurbn||||a|bb| 200 04$aThe dyers destiny: or, The loving wife's help in time of need$b[electronic resource] $eTwo trades is better far than one, sweet husband, then, said she; then if thou wilt let me alone, I'll be a help to thee. To the tune of, Why are my eyes still flowing, &c. This may be printed, R.P 210 $a[London] $cPrinted for J. Blare, at the Looking-Glass on London Bridge$d[between 1685-1688] 215 $a1 sheet ([1] p.) $cill. (woodcuts) 300 $aPlace and date of publication suggested by Wing. 300 $aThe verse that is part of the title is in two columns and each column is enclosed in a set of left and right brackets. 300 $aVerse: "A dyers wife she was a dainty curious doe ..." 300 $aItem at A5:2[103] imperfect: trimmed and tightly bound with some loss of print. 300 $aReproduction of original in the Harvard University, Houghton Library and the British Library. 330 $aeebo-0067 606 $aBroadsides$zEngland$zLondon$vEarly works to 1800 606 $aHusband and wife$vEarly works to 1800 606 $aCuckolds$zEngland$vEarly works to 1800 606 $aAdultery$zEngland$vEarly works to 1800 608 $aBallads$zEngland$y17th century.$2rbgenr 615 0$aBroadsides 615 0$aHusband and wife 615 0$aCuckolds 615 0$aAdultery 801 0$bCu-RivES 801 1$bCu-RivES 906 $aBOOK 912 $a996392751603316 996 $aThe dyers destiny: or, The loving wife's help in time of need$92363856 997 $aUNISA